1990 census of housing. General housing characteristics. Florida.

Bibliographic Details
Uniform Title:Census of housing (1990).
Corporate Author: United States. Bureau of the Census
Format: Government Document Book
Language:English
Published: Washington, DC : U.S. Dept. of Commerce, Economics and Statistics Administration, Bureau of the Census : [1992]
Subjects:
Online Access:Adobe Acrobat reader required

MARC

Tag First Indicator Second Indicator Subfields
LEADER 00000cam a2200000 a 4500
001 in00001101913
008 920914s1992 dcuab bs f000 0 eng d
005 20230331144723.7
020 |c $39.00 
035 |a (OCoLC)ocm26595111 
035 |a (OCoLC)26595111 
035 |9 AFS2460AM 
035 |a in00001101913 
037 |a 003-024-07578-4  |b GPO 
040 |a GPO  |c GPO  |d OCL  |d GPO  |d DLC  |d MvI  |d UtOrBLW 
043 |a n-us-fl 
049 |a UDOC 
049 |a WWW 
074 |a 0156-B-09 
074 |a 0156-B-09 (online) 
086 0 |a C 3.224/3:990 CH-1-11 
130 0 |a Census of housing (1990).  |p General housing characteristics. 
245 1 0 |a 1990 census of housing.  |p General housing characteristics.  |p Florida. 
264 1 |a Washington, DC :  |b U.S. Dept. of Commerce, Economics and Statistics Administration, Bureau of the Census :  |c [1992] 
264 2 |a Washington, DC :  |b For sale by the Supt. of Docs., U.S. G.P.O., 
300 |a 1 volume (various pagings) :  |b illustrations, maps ;  |c 28 cm. 
336 |a text  |b txt  |2 rdacontent 
337 |a unmediated  |b n  |2 rdamedia 
338 |a volume  |b nc  |2 rdacarrier 
500 |a At head of title: 1990 CH-1-11. 
500 |a Shipping list number: 1992-0467-P. 
500 |a "Issued July 1992." 
500 |a Chiefly tables. 
500 |a Shipping list number: 92-0467-P. 
504 |a Includes bibliographical references (p. F-4). 
530 |a Also available via Internet from the Census Bureau web site (PDF file only). Address as of 2/17/2001: http://www.census.gov/prod/cen1990/ch1/ch-1-11.pdf ; current access available via PURL. 
650 0 |a Housing  |z Florida  |v Statistics. 
651 0 |a Florida  |x Census, 1990. 
710 1 |a United States.  |b Bureau of the Census. 
740 0 |a General housing characteristics, Florida. 
856 4 1 |u https://purl.fdlp.gov/GPO/LPS9152  |z Adobe Acrobat reader required  |t 0 
999 |a MARS 
999 f f |i 78201069-3a36-31e5-9249-fdaae6c585c3  |s b904cb06-c83d-3b6a-83d2-798c43f107b0  |t 0 
952 f f |p noncirc  |a Texas A&M University  |b College Station  |c Sterling C. Evans Library  |d Evans: US Documents (Annex 5th floor)  |t 0  |e C 3.224/3:990 CH-1-11  |h Superintendent of Documents classification  |i unmediated -- volume  |m A14815916679 
952 f f |a Texas A&M University  |b College Station  |c Electronic Resources  |d Available Online  |t 0  |e C 3.224/3:990 CH-1-11  |h Superintendent of Documents classification 
998 f f |a C 3.224/3:990 CH-1-11  |t 0  |l Evans: US Documents (Annex 5th floor) 
998 f f |a C 3.224/3:990 CH-1-11  |t 0  |l Available Online